[Event "SLO-ch U20"]
[Site "Kranj"]
[Date "1996.??.??"]
[Round "5"]
[White "Guid, Matej"]
[Black "Rusjan, Miran"]
[Result "1/2-1/2"]
[WhiteElo "2140"]
[BlackElo "2225"]

1.e4 c5 2.Nf3 e6 3.d4 cxd4 4.Nxd4 a6 5.Bd3 Nc6 6.Nxc6 dxc6 7.Nd2 e5 8.Qh5 Bd6
9.Nc4 Nf6 10.Nxd6+ Qxd6 11.Qe2 O-O 12.O-O b5 13.a4 Be6 14.b3 Rfd8 15.Ba3 b4
16.Bb2 Bxb3 17.Rfd1 Be6 18.Bxa6 Qc5 19.Rxd8+ Rxd8 20.Bd3 Ra8 21.Qe1 h6 22.Bc1 Qd6
23.a5 c5 24.Bd2 Qc6 25.f3 Nh5 26.g3 c4 27.Bf1 Rxa5 28.Rxa5 Qb6+ 29.Kg2 Qxa5
30.Bxb4 Qc7 31.Qe3 g5 32.Qc5 Qxc5 33.Bxc5 Nf6 34.Kf2 Nd7 35.Bd6 Kg7 36.Ke3 f5
37.exf5 Bxf5 38.c3 Be6 39.Ke4 Kf6 40.Ke3 Bd5 41.Bh3 Be6 42.Bf1 Nb6 43.Be2 h5
44.Kd2 h4 45.gxh4 gxh4 46.Bc7 Nd5 47.Bd8+ Kf5 48.Bxc4 h3 49.Bh4 e4 50.Bf1 Kf4
51.fxe4 Kxe4 52.c4 Nb4 53.Kc3 Nc6 54.Bd3+ Kf3 55.Bf6 Bd7 56.Bh4 Ne5 57.Bf6 Nc6
58.c5 Be6  1/2-1/2

[Event "La Coruna op"]
[Site "La Coruna"]
[Date "1996.??.??"]
[Round "?"]
[White "Garcia Carbo, Marcial"]
[Black "Galego, Luis"]
[Result "0-1"]
[WhiteElo "2295"]
[BlackElo "2435"]

1.e4 c5 2.Nf3 e6 3.d4 cxd4 4.Nxd4 a6 5.Bd3 Bc5 6.Nb3 Ba7 7.O-O Nc6 8.Qe2 d6
9.a4 Nf6 10.Be3 Bxe3 11.Qxe3 O-O 12.N1d2 e5 13.a5 Be6 14.Nc4 Rc8 15.Nb6 Rc7
16.c4 Nd7 17.Nd5 Rc8 18.Rfd1 Bxd5 19.cxd5 Ne7 20.Rdc1 Rb8 21.Qd2 f5 22.exf5 Nf6
23.f3 Kh8 24.Be4 Qd7 25.Qd3 Nh5 26.g3 Rf7 27.Rc3 Nf6 28.Rac1 h5 29.Rc7 Qe8
30.Qc4 Kg8 31.Nd2 Nd7 32.Qa4 Rc8 33.b4 Qd8 34.Rxc8 Nxc8 35.Qc2 Na7 36.Qc7 Qg5
37.Qc3 Nb5 38.Qd3 Rf8 39.Kf2 h4 40.Qe3 hxg3+ 41.hxg3 Qh5 42.Kg2 Nf6 43.g4 Qf7
44.Qd3 Nc7 45.g5 Nh5 46.Qc4 Nf4+ 47.Kf2 Nb5 48.Rh1 Qe7 49.g6 Qg5 50.Rh2 Nxg6
51.fxg6 Qxd2+ 52.Qe2 Qf4 53.Kg1 Nd4 54.Qf2 Rc8 55.Rh5 Rc1+ 56.Kg2 Rd1 57.Rh4 Qg5+
58.Rg4 Qc1 59.Kh3 Rf1  0-1

[Event "CUB-ch"]
[Site "Las Tunas"]
[Date "1996.??.??"]
[Round "7"]
[White "Herrera, Irisberto"]
[Black "Garcia, Osmel"]
[Result "1-0"]
[WhiteElo "2475"]
[BlackElo "2295"]

1.e4 c5 2.Nf3 e6 3.d4 cxd4 4.Nxd4 a6 5.Bd3 Qc7 6.O-O Nf6 7.Qe2 d6 8.c4 Nbd7
9.f4 Be7 10.b3 O-O 11.Bb2 Ne8 12.Nf3 Nc5 13.Bc2 b5 14.b4 Nd7 15.cxb5 axb5
16.Bd3 Ba6 17.Kh1 Qb7 18.e5 d5 19.a3 Nb6 20.Bd4 Nc4 21.Nbd2 Qc6 22.Nb3 Bc8
23.Bc5 Bxc5 24.Bxh7+ Kh8 25.Nfd4 Bxd4 26.Qh5 Nf6 27.exf6  1-0

[Event "CUB-ch"]
[Site "Las Tunas"]
[Date "1996.??.??"]
[Round "13"]
[White "Leyva, Ricardo"]
[Black "Garcia, Osmel"]
[Result "1-0"]
[WhiteElo "2370"]
[BlackElo "2295"]

1.e4 c5 2.Nf3 e6 3.d4 cxd4 4.Nxd4 a6 5.Bd3 Ne7 6.f4 d6 7.Be3 Nbc6 8.Nf3 Ng6
9.Nc3 Be7 10.Qd2 Bd7 11.Qf2 b5 12.h4 Bf6 13.h5 Nge7 14.h6 gxh6 15.e5 Bg7
16.Ne4 Nf5 17.Bb6 Qb8 18.g4 d5 19.gxf5 dxe4 20.fxe6 exd3 21.exd7+ Kxd7 22.O-O-O Rc8
23.Rxd3+ Ke8 24.Rhd1 Qb7 25.Bc5 Rd8 26.Nh4 Rxd3 27.Rxd3 Rd8 28.Nf5 Bf8 29.Bxf8 Rxd3
30.cxd3 Qd7 31.Nd6+ Kxf8 32.Qc5 Ne7 33.Kc2 h5 34.Kd2 Qg4 35.f5 Qg2+ 36.Kc3 Qc6
37.Kd4 Qxc5+ 38.Kxc5 h4 39.f6 Ng6 40.d4 Nf4 41.Nf5 h3 42.d5 h2 43.Ng3 h5
44.Kd6 h4 45.Nh1 Ke8 46.e6 fxe6 47.dxe6 Nh5 48.Ke5 Ng3 49.Nf2 h1=Q 50.Nxh1 Nxh1
51.Kd6 Ng3 52.f7+  1-0

[Event "Lazne Bohdanec-B"]
[Site "Lazne Bohdanec"]
[Date "1996.??.??"]
[Round "3"]
[White "Manik, Mikulas"]
[Black "Blehm, Pawel"]
[Result "1-0"]
[WhiteElo "2345"]
[BlackElo "2435"]

1.e4 c5 2.Nf3 e6 3.d4 cxd4 4.Nxd4 a6 5.Bd3 Ne7 6.O-O g6 7.Bg5 Bg7 8.c3 h6
9.Bh4 Nbc6 10.Nxc6 bxc6 11.Nd2 e5 12.Nc4 d5 13.exd5 cxd5 14.Qa4+ Bd7 15.Nd6+ Kf8
16.Qa3 g5 17.Bg3 e4 18.Nxe4 dxe4 19.Bxe4 Be6 20.Rad1 Qc8 21.Bxa8 Qxa8 22.Bc7 Bd5
23.c4 Qc6 24.cxd5  1-0

[Event "Lazne Bohdanec-B"]
[Site "Lazne Bohdanec"]
[Date "1996.??.??"]
[Round "5"]
[White "Manik, Mikulas"]
[Black "Voloshin, Leonid"]
[Result "1/2-1/2"]
[WhiteElo "2345"]
[BlackElo "2420"]

1.e4 c5 2.Nf3 e6 3.d4 cxd4 4.Nxd4 a6 5.Bd3 Bc5 6.Nb3 Ba7 7.Qg4 Nf6 8.Qg3 d6
9.Nc3 Nc6 10.O-O O-O 11.Kh1  1/2-1/2

[Event "Lazne Bohdanec-B"]
[Site "Lazne Bohdanec"]
[Date "1996.??.??"]
[Round "7"]
[White "Blehm, Pawel"]
[Black "Pokorny, Tomas"]
[Result "1/2-1/2"]
[WhiteElo "2435"]
[BlackElo "2285"]

1.e4 c5 2.Nf3 e6 3.d4 cxd4 4.Nxd4 a6 5.Bd3 Nc6 6.Nxc6 dxc6 7.O-O e5 8.a4 Bc5
9.Nd2 Ne7 10.Nc4 Ng6 11.Qf3 O-O 12.c3 Be6 13.Rd1 Qh4 14.Ne3 Bxe3 15.Qxe3 Rad8
16.Re1 Rd7 17.g3 Qe7 18.Bf1 Rfd8 19.Qe2 Qd6 20.Be3 c5 21.f3 Ne7 22.Qf2 Rc8
23.Bg2 b6 24.Bf1 a5 25.Bb5 Rdd8 26.b4 axb4 27.cxb4 f5 28.bxc5 bxc5 29.Rac1 c4
30.Bb6 Rf8 31.Red1 Qa3 32.Qe3 Qxe3+ 33.Bxe3 fxe4 34.fxe4 c3 35.a5 c2 36.Rd2 Rf3
37.Rd3 Bh3 38.Bg5 Rxd3 39.Bxd3 Nc6 40.Rxc2 Nxa5 41.Rxc8+ Bxc8 42.Bd8 Nc6
43.Bc4+ Kf8 44.Bb6 Ke7 45.Bc5+ Kf6 46.Kf2 Be6 47.Bd3 g5 48.Ke3 g4 49.Bb5 Nd8
50.Bb6 Nf7 51.Bc7 Ke7 52.Ba5 Ng5 53.Bc3 Kf6 54.Bc6 Nf3 55.h4 Bc4 56.Bd7 Be6
57.Bb5 Ke7 58.Be2 Kf6 59.Ba5 Nd4 60.Bd8+ Kf7 61.Bd1 h5 62.Bc7 Kf6 63.Ba4 Nf3
64.Be8 Bf7 65.Bd8+ Ke6 66.Bb5 Kd6 67.Bb6 Bg6 68.Ba7 Bf7 69.Bb6 Bg6 70.Ba5 Bf7
71.Ba6 Nd4 72.Bd8 Nf3 73.Bf6 Ke6 74.Bg7 Ke7 75.Be2 Ke6 76.Ba6 Ke7 77.Bd3 Be8
78.Be2 Ke6 79.Bf8 Nd4 80.Bc4+ Kf6 81.Bd6 Bb5 82.Bxb5  1/2-1/2

[Event "Leon University tt (Women)"]
[Site "Leon"]
[Date "1996.??.??"]
[Round "3"]
[White "Koglin, Anke"]
[Black "Qin Kanying"]
[Result "0-1"]
[WhiteElo "2195"]
[BlackElo "2370"]

1.e4 c5 2.Nf3 e6 3.d4 cxd4 4.Nxd4 a6 5.Bd3 Nf6 6.O-O d6 7.c4 Be7 8.Nc3 O-O
9.b3 Nbd7 10.Bb2 Ne5 11.Bc2 Ng6 12.Nde2 Re8 13.Qd2 Qc7 14.Rad1 b6 15.Bb1 Bb7
16.Nf4 Ne5 17.f3 Rad8 18.Kh1 Bc6 19.Qe2 Qb8 20.a4 Bf8 21.Nd3 Ng6 22.Rfe1 Nd7
23.Qf1 Be7 24.Nb4 Bb7 25.Nc2 Bh4 26.g3 Bf6 27.Ne3 Nge5 28.Qf2 h5 29.Kg1 Nc6
30.Ng2 Nc5 31.Bc2 Na5 32.Nf4 g6 33.b4 Nxc4 34.Ba1 Nd7 35.Bb3 Rc8 36.Qe2 Nde5
37.Nd3 Nxd3 38.Qxd3 Ne5 39.Qe2 Nc6 40.Na2 Bxa1 41.Rxa1 Nd4 42.Qd3 e5 43.Rab1 Qc7
44.Rec1 Qe7 45.Qe3 Qg5 46.Kf2 Qxe3+ 47.Kxe3 Nxb3 48.Rxb3 d5 49.exd5 Bxd5
50.Rbc3 Rcd8 51.R1c2 b5 52.axb5 axb5 53.Rc5 Bb3 54.Rb2 Bc4 55.Nc1 Kg7 56.Rc2 h4
57.Rc3 Rd1 58.gxh4 f5 59.Nd3 f4+ 60.Ke2 Rh1 61.Kf2 Rxh2+ 62.Kg1 Re2 63.Rc7+ Kf6
64.Nc5 Ra8 65.Ne4+ Ke6 66.Rc1 Raa2 67.Rc6+ Kf7 68.Nd6+ Kg7 69.Nxc4 bxc4 70.R6xc4 Rg2+
71.Kh1 Rh2+ 72.Kg1 Rxh4 73.b5 Rb2 74.Rc5 Rh3 75.R1c2 Rb3 76.R2c3 Rxf3 77.Rxb3 Rxb3
78.Rxe5 Kh6 79.Kf2 g5 80.Re6+ Kh5 81.b6 Kg4  0-1

[Event "SWE-ch"]
[Site "Linkoping"]
[Date "1996.??.??"]
[Round "2"]
[White "Jepson, Christian"]
[Black "Lind, Jan Olov"]
[Result "1-0"]
[WhiteElo "2380"]
[BlackElo "2310"]

1.e4 c5 2.Nf3 e6 3.d4 cxd4 4.Nxd4 a6 5.Bd3 Nc6 6.Nxc6 dxc6 7.Nd2 Bd6 8.Nc4 Bc7
9.Qg4 Nf6 10.Qe2 e5 11.Bg5 h6 12.Bh4 Qe7 13.O-O-O Be6 14.f4 Bxc4 15.Bxc4 exf4
16.e5 g5 17.Bf2 Nd5 18.Bxd5 cxd5 19.Rxd5 O-O 20.Rhd1 Rfd8 21.Qe4 Rxd5 22.Rxd5 Rd8
23.Bd4 Rxd5 24.Qxd5 Qd8 25.Qe4 Qd7 26.c4 Bd8 27.b3 Be7 28.Kc2 Bf8 29.Qd5 Qf5+
30.Kc3 Qb1 31.c5 Qc1+ 32.Kd3 Qd1+ 33.Kc4 Qf1+ 34.Kc3 Qc1+ 35.Kd3 Qd1+ 36.Ke4 Qe2+
37.Kf5 Qc2+ 38.Qe4 Qxa2 39.e6 Qxb3 40.e7 Bxe7 41.Qxe7 Qd5+ 42.Qe5 Qd7+ 43.Ke4 Qc6+
44.Qd5 Qg6+ 45.Ke5 a5 46.Qd6 Kh7 47.Qxg6+ Kxg6 48.Kd6 Kf5 49.Kc7 Ke4 50.Kxb7 Kxd4
51.c6 Ke3 52.c7 Kf2 53.c8=Q Kxg2 54.Qc2+ Kh3 55.Qf2 h5 56.Kc6 h4 57.Kd5 f3
58.Ke4 g4 59.Kf4 a4 60.Qf1+ Kxh2 61.Kxg4  1-0

[Event "SWE-ch"]
[Site "Linkoping"]
[Date "1996.??.??"]
[Round "3"]
[White "Moberg, Karl Johan"]
[Black "Ornstein, Axel"]
[Result "1/2-1/2"]
[WhiteElo "2405"]
[BlackElo "2440"]

1.e4 c5 2.Nf3 e6 3.d4 cxd4 4.Nxd4 a6 5.Bd3 Ne7 6.c4 Nbc6 7.Nb3 d5 8.cxd5 exd5
9.Nc3 dxe4 10.Nxe4 Nb4 11.Bb5+ Nec6  1/2-1/2

[Event "Lisboa Masters"]
[Site "Lisboa"]
[Date "1996.??.??"]
[Round "6"]
[White "Galego, Luis"]
[Black "Fernandes, Antonio"]
[Result "0-1"]
[WhiteElo "2445"]
[BlackElo "2380"]

1.e4 c5 2.Nf3 e6 3.d4 cxd4 4.Nxd4 a6 5.Bd3 Nf6 6.O-O Qc7 7.Kh1 Bc5 8.Nb3 Ba7
9.Nc3 h5 10.Qe2 Ng4 11.f4 Qb6 12.h3 Nc6 13.Bd2 d6 14.Rae1 Ne7 15.Nd1 Bd7
16.Bc3 e5 17.fxe5 dxe5 18.Bc4 f6 19.Bd2 Rc8 20.Nc3 Nf2+ 21.Kh2 Bg4 22.hxg4 hxg4+
23.Kg3 f5 24.Rxf2 Qf6  0-1

[Event "POR-ch"]
[Site "Lisbon"]
[Date "1996.??.??"]
[Round "2"]
[White "Ribeiro, Fernando"]
[Black "Fernandes, Antonio"]
[Result "1/2-1/2"]
[WhiteElo "2285"]
[BlackElo "2410"]

1.e4 c5 2.Nf3 e6 3.d4 cxd4 4.Nxd4 a6 5.Bd3 Qc7 6.Nc3 Nf6 7.O-O Bc5 8.Nb3 Be7
9.f4 d6 10.Qf3 Nc6 11.a3 O-O 12.Bd2 Re8 13.Rae1 Nd7 14.Kh1 b5 15.e5 Bb7 16.Qh3 Nf8
17.exd6 Bxd6 18.Ne4 f5 19.Nxd6 Qxd6 20.Bc3 Ng6 21.Qe3 b4 22.axb4 Nxb4 23.Bxb4 Qxb4
24.Qc5 a5 25.Qxb4 axb4 26.Nc5 Bd5 27.Na6 b3 28.Nc7 bxc2 29.Nxe8 Rxe8 30.Bxc2 Rb8
31.b3 Rb4 32.Ra1 Nxf4 33.Rf2 g5 34.Rd2 Kg7 35.Kg1 h5 36.h4 Kf6 37.Kh2 Ng6
38.hxg5+ Kxg5 39.Ra4 Rb6 40.b4 Ne5 41.Bd1 h4 42.Be2 Ng4+ 43.Bxg4 fxg4 44.Rb2 g3+
45.Kg1 Rb8 46.b5 Rc8 47.Ra1 h3 48.gxh3 Rh8 49.b6 Rxh3 50.Rg2 Kf4 51.Ra4+ Ke5
52.Rb4 Bb7 53.Rb3 Kf4 54.Rb4+ Ke3 55.Rb3+ Kf4 56.Rb4+ Ke5 57.Rb3 Bxg2 58.Kxg2 Rh8
59.b7 Rb8 60.Kxg3 Kd5 61.Kf4 Rf8+ 62.Ke3 Rb8 63.Rb6 e5 64.Rb1  1/2-1/2

[Event "Litomysl op"]
[Site "Litomysl"]
[Date "1996.??.??"]
[Round "1"]
[White "Krupa, Krzysztof"]
[Black "Berezjuk, Sergej"]
[Result "0-1"]
[WhiteElo "2040"]
[BlackElo "2450"]

1.e4 c5 2.Nf3 e6 3.d4 cxd4 4.Nxd4 a6 5.Bd3 g6 6.Nd2 Bg7 7.c3 Ne7 8.O-O d5
9.Qa4+ Nd7 10.exd5 Nxd5 11.Bc4 O-O 12.Bxd5 Nb6 13.Qb3 Nxd5 14.N2f3 Qc7 15.Bg5 Nb6
16.Bh4 e5 17.Bg3 Nc4 18.Rfe1 Qc5 19.Nc2 Be6 20.Ng5 Bd5 21.Ne4 Bxe4 22.Rxe4 Nd2
23.Qb4 Nxe4 24.Qxe4 Qc6 25.Qe2 Rad8 26.h4 Qd5 27.Ne3 Qd2 28.Qf3 Qxb2 29.Rf1 f5
30.Nc4 e4 31.Qf4 Qxc3 32.Rc1 Qf6 33.Qc7 Rf7 34.Qa5 Rfd7 35.Be5 Qe6 36.Qc3 Rd3
37.Qa1 Bxe5 38.Nxe5 R3d5 39.f4 exf3 40.Nxf3 Qf7 41.Ng5 Qd7 42.Kh2 Qd6+ 43.Kh3 Rd3+
44.Nf3 Qf4 45.Qf6 Rxf3+ 46.gxf3 Qxf3+ 47.Kh2 Rd2+  0-1

[Event "Women-Veterans"]
[Site "London"]
[Date "1996.??.??"]
[Round "6"]
[White "Arakhamia, Ketevan"]
[Black "Portisch, Lajos"]
[Result "1/2-1/2"]
[WhiteElo "2455"]
[BlackElo "2600"]

1.e4 c5 2.Nf3 e6 3.d4 cxd4 4.Nxd4 a6 5.Bd3 Ne7 6.O-O Nbc6 7.Nb3 Ng6 8.f4 Be7
9.Nc3 b5 10.Be3 Bb7 11.Qh5 Qc7 12.Rae1 Nb4 13.Bd4 O-O 14.f5 Nf4 15.Qg4 e5
16.Bxe5 Qxe5 17.Qxf4 Qxf4 18.Rxf4 Bd6 19.Rff1 Be5 20.a3 Nc6 21.Nd1 Rfe8 22.c3 Bc7
23.Ne3 Ne5 24.Bb1 Bb6 25.Kh1 Rac8 26.Nd4 Kf8 27.h3 f6 28.Re2 Nf7 29.Ng4 Re7
30.Rfe1 Rce8 31.Nf2 Bc7 32.g4 Nd6 33.Kg2 g6 34.Kf1 Kg7 35.Bd3 Bb6 36.Bb1 a5
37.g5 gxf5 38.exf5 Rxe2 39.gxf6+ Kxf6 40.Rxe2 Rxe2 41.Ng4+ Kg5 42.Kxe2 Bxd4
43.cxd4 Nxf5 44.Bxf5 Kxf5 45.Ne5 Ke4 46.Nxd7 Kxd4 47.h4 Bc8 48.Nf6 Bf5 49.Ne8 Bg6
50.Nd6 b4 51.Nb7 bxa3 52.bxa3 a4 53.Kd2 h6 54.Kc1 Ke5 55.Nc5 Be8 56.Kc2 Kd5
57.Nb7 Bg6+ 58.Kc3 Ke5 59.Nc5 Be8 60.Kb4 Kf5 61.Nxa4 Kg4 62.Nc5 Kxh4 63.a4  1/2-1/2

[Event "Manresa op"]
[Site "Manresa"]
[Date "1996.??.??"]
[Round "7"]
[White "De la Riva Aguado, Oscar"]
[Black "Ionescu, Cristian"]
[Result "1/2-1/2"]
[WhiteElo "2490"]
[BlackElo "2520"]

1.e4 c5 2.Nf3 e6 3.d4 cxd4 4.Nxd4 a6 5.Bd3 Nf6 6.O-O Qc7 7.Qe2 d6 8.c4 Nbd7
9.Nc3 b6 10.Be3 Bb7 11.a4 Nc5 12.f3 Nxd3 13.Qxd3 Rc8 14.Rfc1 Nd7 15.Qd1 Be7
16.f4 Qb8 17.b3 Nf6 18.f5 e5 19.Nc2 Bxe4 20.Nxe4 Nxe4 21.Nb4 Nc5 22.Nd5  1/2-1/2

[Event "Manresa op"]
[Site "Manresa"]
[Date "1996.??.??"]
[Round "9"]
[White "Magem Badals, Jorge"]
[Black "Ionescu, Cristian"]
[Result "1/2-1/2"]
[WhiteElo "2570"]
[BlackElo "2520"]

1.e4 c5 2.Nf3 e6 3.d4 cxd4 4.Nxd4 a6 5.Bd3 Nf6 6.O-O d6 7.c4 b6 8.Nc3 Bb7
9.f4 g6 10.f5 gxf5 11.exf5 Rg8 12.Nf3 e5 13.Bg5 Nbd7 14.Be4 b5 15.Bxb7 Qb6+
16.Kh1 Qxb7 17.b3 Be7 18.Qe2 Rc8 19.Bxf6 Nxf6 20.Nd2 Rg4 21.Rad1 Rd4 22.Rfe1 bxc4
23.Nxc4 Rxd1 24.Rxd1 Rc5 25.Na4 Rd5 26.Rc1 Rd4 27.Na5 Qd5 28.Nc4 Kf8 29.Nc3 Qb7
30.h3 Rf4 31.Qd2 Rh4 32.Qd3 Qc6 33.Rd1 Rd4 34.Qe3 Rh4 35.Qd3 Ng4 36.Rf1 Nf6
37.Rd1 Rd4  1/2-1/2

[Event "SVK-ch"]
[Site "Martin"]
[Date "1996.??.??"]
[Round "4"]
[White "Vlcek, Stanislav"]
[Black "Banas, Jan"]
[Result "0-1"]
[WhiteElo "2110"]
[BlackElo "2370"]

1.e4 c5 2.Nf3 e6 3.d4 cxd4 4.Nxd4 a6 5.Bd3 Nf6 6.O-O d6 7.c4 b6 8.Nc3 Bb7
9.b3 Nbd7 10.Qe2 Be7 11.Bb2 O-O 12.Rad1 Qc7 13.Kh1 Rfe8 14.f4 Bf8 15.Nf3 g6
16.e5 Nh5 17.Ng5 Ng7 18.Nce4 Nf5 19.exd6 Nxd6 20.Nxd6 Bxd6 21.Qg4 f5 22.Bxf5 exf5
23.Qh3 Nf6 24.Bxf6 Re2 25.Nf3 Bxf4 26.Rfe1 Re4 27.Rxe4 Bxe4 28.Ng5 Re8 29.Nxe4 Rxe4
30.Ba1 Qd6 31.Qf3 Qd2 32.g3 Re1+ 33.Rxe1 Qxe1+ 34.Kg2 Qxa1 35.Qxf4 Qxa2+
36.Kh3 Qa5 37.Qb8+ Kg7 38.Qc7+ Kh6 39.Qe7 Qc5 40.Qh4+ Kg7 41.Qf4 a5 42.Qd2 Qe7
43.Qd5 Qe3 44.Qd1 f4 45.Kg2 Qe4+ 46.Kf2 fxg3+ 47.hxg3 h5 48.Qd7+ Kh6 49.Qd2+ g5
50.Qd6+ Qg6 51.Qf8+ Kh7 52.Qe7+ Kg8 53.Qd8+ Kg7 54.Qd1 h4 55.Kg2 Qe4+ 56.Kh3 Qe3
57.Qd7+ Kf6 58.Qd8+ Kf7 59.Qd7+ Qe7 60.Qf5+ Qf6 61.Qd7+ Kg6 62.Kg4 hxg3 63.Qd3+ Kh6
64.Kxg3 Qf4+ 65.Kg2 g4 66.Qd5 Qg5 67.Qe6+ Qg6 68.Qe3+ Kg7 69.Kg3 Kf7 70.Qd4 Ke7
71.Qc3 Kd7 72.c5 bxc5 73.Qxa5 Qf5 74.Qa4+ Kd6 75.Qa6+ Ke5 76.Qc4 Qf3+ 77.Kh4 Qf2+
78.Kg5 g3 79.Qc3+ Ke4 80.Qc4+ Qd4 81.Qf1 Qf2 82.Qc4+ Kf3 83.Qg4+ Kg2 84.Kh4 Qf6+
85.Kh5 Qh8+  0-1

[Event "SVK-ch"]
[Site "Martin"]
[Date "1996.??.??"]
[Round "4"]
[White "Manik, Mikulas"]
[Black "Kostin, Alexey"]
[Result "1/2-1/2"]
[WhiteElo "2345"]
[BlackElo "2325"]

1.e4 c5 2.Nf3 e6 3.d4 cxd4 4.Nxd4 a6 5.Bd3 Bc5 6.Nb3 Ba7 7.Qg4 Nf6 8.Qg3 d6
9.Nc3 Nc6 10.O-O O-O 11.Kh1 Ne5 12.f4 Nxd3 13.cxd3 b5 14.Be3 Bxe3 15.Qxe3 Bb7
16.Rac1 Rc8 17.Qa7 Rc7 18.Qb6 Qc8 19.Nxb5 Rc6 20.Rxc6 Bxc6 21.Nxd6 Qd7 22.e5 Nd5
23.Qd4 f6 24.Nc5 Qe7 25.h3 g5 26.f5 fxe5 27.Qxe5 exf5 28.Qxe7 Nxe7 29.Re1 Ng6
30.Kh2 Rd8 31.Nc4 Nh4 32.Re7 Bxg2 33.Ne6 Rxd3 34.Rg7+ Kh8 35.Re7 Bc6 36.Nxg5 Rd7
37.Rxd7 Bxd7 38.Kg3 Ng6 39.Nf7+ Kg7 40.Nfe5 Be6 41.a4 Kf6 42.Nxg6 hxg6 43.Nd2 a5
44.h4 Ke5 45.Nf3+ Ke4 46.Ng5+ Kd5 47.Nxe6 Kxe6 48.Kf4 Kf6 49.b3 Kf7 50.h5 Kf6
51.hxg6 Kxg6 52.b4 axb4 53.a5 b3 54.a6 b2 55.a7 b1=Q 56.a8=Q Qb4+ 57.Kf3  1/2-1/2

[Event "Mataruska Banja"]
[Site "Mataruska Banja"]
[Date "1996.??.??"]
[Round "7"]
[White "Marjanovic, Slavoljub"]
[Black "Tosic, Miroslav"]
[Result "0-1"]
[WhiteElo "2445"]
[BlackElo "2415"]

1.e4 c5 2.Nf3 e6 3.d4 cxd4 4.Nxd4 a6 5.Bd3 d6 6.c4 Nd7 7.Nc3 Ngf6 8.O-O Be7
9.b3 O-O 10.Bb2 Ne5 11.Be2 Ng6 12.g3 Qc7 13.Rc1 b6 14.h4 Re8 15.h5 Nf8 16.h6 g6
17.f4 Bb7 18.Bf3 Rad8 19.Kg2 N6d7 20.Qd2 Qb8 21.Qe3 Rc8 22.Rce1 Bf6 23.Rf2 Bh8
24.Rd2 Nf6 25.Nde2 Bc6 26.g4 d5 27.Nd4 dxe4 28.Nxc6 exf3+ 29.Qxf3 Rxc6 30.Qxc6 Qxf4
31.Rf2 Qxg4+ 32.Kf1 Qh3+ 33.Ke2 Ng4 34.Rg2 Rd8 35.Qe4 f5  0-1

[Event "Wch U20 Girls"]
[Site "Medellin"]
[Date "1996.??.??"]
[Round "4"]
[White "Xu Yuhua"]
[Black "Goletiani, Rusudan"]
[Result "1-0"]
[WhiteElo "2275"]
[BlackElo "2250"]

1.e4 c5 2.Nf3 e6 3.d4 cxd4 4.Nxd4 a6 5.Bd3 Nf6 6.O-O d6 7.c4 Nbd7 8.Nc3 b6
9.Qe2 Bb7 10.b3 g6 11.Bb2 Bg7 12.Nf3 O-O 13.Rad1 Rc8 14.Bb1 Qc7 15.Qd2 Nc5
16.Rfe1 Rfd8 17.Qe2 Qb8 18.Nd2 Qa8 19.Nf1 Nh5 20.b4 Nd7 21.a3 Ne5 22.Ba2 Nf4
23.Qe3 Bh6 24.Qd4 Qa7 25.Kh1 Bg7 26.Na4 Rc6 27.Ne3 Nh5 28.Qd2 Rcc8 29.Bd4 Nd7
30.Bxg7 Kxg7 31.Qd4+ Nhf6 32.f3 Bc6 33.Nc3 Ne5 34.Bb1 g5 35.Ne2 Ng6 36.Ng3 Ne5
37.Rf1 Rc7 38.f4 gxf4 39.Rxf4 b5 40.c5 Rcd7 41.Rdf1 Ng8 42.Ng4 Qb8 43.cxd6 f6
44.Nxe5  1-0

[Event "Wch U20 Girls"]
[Site "Medellin"]
[Date "1996.??.??"]
[Round "12"]
[White "Xu Yuhua"]
[Black "Ratcu, Tatiana"]
[Result "1-0"]
[WhiteElo "2275"]
[BlackElo "2190"]

1.e4 c5 2.Nf3 e6 3.d4 cxd4 4.Nxd4 a6 5.Bd3 Nf6 6.O-O Qc7 7.Kh1 d6 8.c4 Nbd7
9.Qe2 Ne5 10.b3 Be7 11.Bb2 O-O 12.Nc3 Nxd3 13.Qxd3 Rd8 14.f4 b6 15.Rae1 Rb8
16.a4 Nd7 17.Qg3 g6 18.Nf5 Bf8 19.Qh4 Bb7 20.Nh6+ Bxh6 21.Qxh6 f6 22.f5 exf5
23.exf5 Ne5 24.fxg6 hxg6 25.Rxf6 Rf8 26.Nd5 Bxd5 27.Rxg6+  1-0

[Event "Wch U18 Girls"]
[Site "Menorca"]
[Date "1996.??.??"]
[Round "6"]
[White "Tkeshelashvili, Sofia"]
[Black "Ratcu, Tatiana"]
[Result "1-0"]
[WhiteElo "2170"]
[BlackElo "2190"]

1.e4 c5 2.Nf3 e6 3.d4 cxd4 4.Nxd4 a6 5.Bd3 Qc7 6.O-O Nf6 7.Qe2 d6 8.c4 Be7
9.Nc3 O-O 10.Kh1 b6 11.f4 Nbd7 12.Bd2 Re8 13.g4 g6 14.g5 Nh5 15.Qf2 Bb7 16.Be2 Ng7
17.Rac1 Nc5 18.Qg2 f5 19.Bf3 e5 20.exf5 Bxf3 21.Nxf3 Nxf5 22.Nd5 Qb8 23.Bc3 Nd3
24.fxe5 dxe5 25.Rcd1 Nf4 26.Qd2 Qb7 27.Nxe5 Nxd5 28.cxd5 Bc5 29.Ng4 Re7 30.Rfe1 Rd8
31.Rxe7 Bxe7 32.b4 b5 33.Nh6+ Nxh6 34.gxh6 Rf8 35.Qe3 Qd7 36.d6 Qg4 37.Rg1 Bg5
38.Qd3 Qf5 39.Qxf5 Rxf5 40.d7 Bd8 41.Re1 Kf7 42.Re8  1-0

[Event "Wch U14"]
[Site "Menorca"]
[Date "1996.??.??"]
[Round "11"]
[White "Mastrovasilis, Dimitrios"]
[Black "Gratka, Krzysztof"]
[Result "0-1"]
[WhiteElo "2110"]
[BlackElo "2235"]

1.e4 c5 2.Nf3 e6 3.d4 cxd4 4.Nxd4 a6 5.Bd3 Nf6 6.O-O d6 7.c4 Be7 8.Nc3 O-O
9.b3 Nbd7 10.Bb2 Qc7 11.Rc1 b6 12.Bb1 Bb7 13.f4 Rfe8 14.Kh1 Bf8 15.Qf3 g6
16.Rfd1 Bg7 17.h3 Rad8 18.a3 Qb8 19.Qe3 Bh6 20.Nde2 Bg7 21.b4 Bh6 22.Na4 b5
23.cxb5 axb5 24.Nac3 e5 25.Qf2 exf4 26.Nxf4 Ne5 27.Nxb5 Bxe4 28.Nd4 Qb7 29.Bxe4 Nxe4
30.Qh4 Bg5  0-1

[Event "Minsk op"]
[Site "Minsk"]
[Date "1996.??.??"]
[Round "8"]
[White "Timoshenko, Georgy"]
[Black "Chekurov, Vyacheslav"]
[Result "1/2-1/2"]
[WhiteElo "2500"]
[BlackElo "2330"]

1.e4 c5 2.Nf3 e6 3.d4 cxd4 4.Nxd4 a6 5.Bd3 Nf6 6.O-O d6 7.c4 b6 8.Nc3 Bb7
9.Re1 Nbd7 10.b3 Qc7 11.Bb2 g6 12.Bf1 Be7 13.g3 O-O 14.Bg2 Nc5 15.h3 h5 16.Rc1 h4
17.g4 e5 18.Nc2 Ne6 19.Ne3 Nf4 20.f3 Nh7 21.Ncd5 Bxd5 22.Nxd5 Qc5+ 23.Bd4 exd4
24.Nxf4 d3+ 25.Kf1 d2 26.Qxd2 Bg5 27.Rcd1 Qe5 28.Nxg6 Bxd2 29.Nxe5 Bxe1 30.Nd7 Bg3
31.Nxb6 Ra7 32.Nd5 Rd8 33.Ke2 Nf8 34.f4 Ne6 35.Kf3 Kg7 36.g5 a5 37.Kg4 a4
38.b4 a3 39.b5 Ra4 40.Bf1 Nc5 41.Kf5 Raa8 42.Bg2 Rac8 43.Bf1 Re8 44.Nf6 Re6
45.Nh5+ Kf8 46.Nf6 Bf2 47.Be2 Na4 48.Rd3 Bc5 49.Kg4 Nb2 50.Rd5 Na4 51.Rd3 Bb4
52.Rb3 Nc3 53.Rxb4 Nxe2 54.Rb3 Ng3 55.Kf3 Ra8  1/2-1/2

[Event "Moravia-ch op"]
[Site "Moravia"]
[Date "1996.??.??"]
[Round "?"]
[White "Velicka, Petr"]
[Black "Adam, Petr"]
[Result "1-0"]
[WhiteElo "2420"]
[BlackElo "2205"]

1.e4 c5 2.Nf3 e6 3.d4 cxd4 4.Nxd4 a6 5.Bd3 g6 6.O-O Bg7 7.Nf3 Nc6 8.Qe2 Nge7
9.c4 O-O 10.Nc3 d5 11.e5 dxc4 12.Bxc4 Nd4 13.Nxd4 Qxd4 14.Bg5 Nc6 15.Rad1 Qxe5
16.Qd2 b5 17.Rfe1 Qd4 18.Bd3 Ne5 19.Qe2 Qg4 20.Qxg4 Nxg4 21.Be7 Re8 22.Be4 Ra7
23.Bc5 Rc7 24.Bb6 Rc4 25.Bd5 Bxc3 26.bxc3 Rxc3 27.Bd4 Rc2 28.h3 Nh6 29.g4 Kf8
30.Be4 Rc4 31.g5 Ng8 32.Be5 Ne7 33.Rd6 Rc5 34.f4 Ng8 35.Bc6 Ne7 36.Bxe8 Kxe8
37.Red1 Nd5 38.Bf6 Bd7 39.Rxa6 Bc6 40.Ra7 Nxf6 41.gxf6 Bd5 42.Rd3 Rc4 43.f5 Rf4
44.Re7+ Kf8 45.Rc3 Rc4 46.fxg6 hxg6 47.Rxc4 Bxc4 48.a4 bxa4 49.Rc7 Bb5 50.Rc8+ Be8
51.h4 a3 52.Ra8  1-0

[Event "Moscow Alekhine op"]
[Site "Moscow"]
[Date "1996.??.??"]
[Round "9"]
[White "Gumirov, Konstantin L"]
[Black "Annakov, Babakuli"]
[Result "1/2-1/2"]
[WhiteElo "2160"]
[BlackElo "2360"]

1.e4 c5 2.Nf3 e6 3.d4 cxd4 4.Nxd4 a6 5.Bd3 Nf6 6.O-O d6 7.Be3 Nbd7 8.Nb3 d5
9.Nc3 dxe4 10.Nxe4 Be7 11.a4 O-O 12.Qe2 Qc7 13.c3 Nxe4 14.Bxe4 Nf6 15.Bc2 Bd7
16.Rfd1 Bc6 17.Bd4 Rad8 18.a5 Rd5 19.Bb6 Qf4 20.Be3 Qh4 21.Rxd5 Bxd5 22.Nd2 Bd6
23.Nf1 Bc4 24.Bd3 Bxd3 25.Qxd3 Rd8 26.g3 Qe4 27.Qxe4 Nxe4 28.Bb6 Rc8 29.Rd1 Bc5
30.Rd7 Bxb6 31.axb6 Rb8 32.Rc7 Nd6 33.Ne3 Kf8 34.c4 Ne8 35.Rd7 Nf6 36.Rd1 Ke7
37.b4 Rc8 38.c5 a5 39.bxa5 Rxc5 40.Ra1 Nd7 41.Ra4 Kd6 42.Rd4+ Kc6 43.Nc4 Rd5
44.Rg4 g5 45.h4 h6 46.Re4 e5 47.hxg5 hxg5 48.f4 gxf4 49.gxf4 f6 50.fxe5  1/2-1/2

[Event "Kasparov Cup op"]
[Site "Moscow"]
[Date "1996.??.??"]
[Round "9"]
[White "Smetankin, Stanislav"]
[Black "Zakharov, Alexander S"]
[Result "0-1"]
[WhiteElo "2380"]
[BlackElo "2300"]

1.e4 c5 2.Nf3 e6 3.d4 cxd4 4.Nxd4 a6 5.Bd3 g6 6.O-O Bg7 7.c3 d6 8.f4 Nf6
9.Nd2 O-O 10.N2f3 b6 11.Qe2 Bb7 12.e5 Nd5 13.Bd2 Ne7 14.Rae1 Nbc6 15.Bc1 b5
16.Rd1 Qc7 17.Rfe1 Nd5 18.Be4 Nce7 19.exd6 Qxd6 20.a4 Rfb8 21.axb5 Nxf4 22.Bxf4 Qxf4
23.Nc6 Bxc6 24.bxc6 Rc8 25.Ra1 f5 26.Bd5 exd5 27.Qxe7 Qc7 28.Qe6+ Kh8 29.Ng5 h6
30.Nf7+ Kh7 31.Ne5 Bxe5 32.Rxe5 Re8 33.Qxe8 Rxe8 34.Rxe8 Qxc6 35.Re7+ Kg8
36.Re2 Kf7 37.Rd1 Kf6 38.Rd4 Qd6 39.h3 h5 40.Red2 Qb6 41.Kh1 Qb5 42.Kh2 Ke6
43.Rxd5 Qxd5 44.Rxd5 Kxd5 45.Kg3 Kc4 46.h4 a5 47.Kf4 a4 48.Ke3 Kb3 49.c4 Kxc4
50.Kd2 Kd4 51.Kc2 Ke3  0-1

[Event "Muenster op"]
[Site "Muenster"]
[Date "1996.??.??"]
[Round "3"]
[White "Schaefer, Markus"]
[Black "Bezold, Michael"]
[Result "0-1"]
[WhiteElo "2455"]
[BlackElo "2495"]

1.e4 c5 2.Nf3 e6 3.d4 cxd4 4.Nxd4 a6 5.Bd3 Bc5 6.c3 d6 7.O-O Nf6 8.Kh1 e5
9.Nb3 Ba7 10.Bg5 Nbd7 11.N1d2 h6 12.Bh4 g5 13.Bg3 Nb6 14.f3 Be6 15.Bf2 Qc7
16.a4 Rd8 17.Qe2 Nc8 18.Bc4 O-O 19.Bxe6 fxe6 20.Bxa7 Nxa7 21.Qe3 Nc6 22.Nc1 d5
23.Ne2 Rf7 24.exd5 exd5 25.Ng3 Qc8 26.Rad1 Qe6 27.Nb3 Ne8 28.Nd4 Qf6 29.Nxc6 bxc6
30.Rfe1 Re7 31.b4 Rb8 32.Qd3 Nc7 33.a5 Rb5 34.Nf5 Re8 35.Ne3 h5 36.c4 Rxb4
37.cxd5 Rd4 38.Qb3 Qf7 39.Nc4 Qxd5 40.Rxd4 exd4 41.Rxe8+ Nxe8 42.h4 gxh4
43.Qb8 Qe6 44.Ne5 h3 45.f4 hxg2+ 46.Kxg2 c5 47.f5 Qd5+ 48.Kf2 Kf8 49.f6 Qd6
50.Ng6+ Kf7 51.Nh8+ Kf8 52.Ng6+ Kf7 53.Nh8+ Kxf6 54.Qxe8 Qf4+ 55.Kg2 Qg5+
56.Kf1 Kg7 57.Qc8 Qf4+ 58.Ke1 Qg3+ 59.Kf1 Qd3+ 60.Kf2 Qd2+ 61.Kf1 Qf4+ 62.Ke1 Qd6
63.Qe8 Qg3+ 64.Kd1 Qd3+  0-1